La nueva gestión pública (Registro nro. 2785)

Detalles MARC
000 -LEADER
fixed length control field 01535 a2200229 4500
001 - CONTROL NUMBER
control field 37761
005 - DATE AND TIME OF LATEST TRANSACTION
control field 20260407155643.0
008 - FIXED-LENGTH DATA ELEMENTS--GENERAL INFORMATION
fixed length control field 260407a2001 arg spa d
003 - CONTROL NUMBER IDENTIFIER
control field AR-UNSa-BCEJYS
040 ## - CATALOGING SOURCE
Original cataloging agency AR-UNSa-BCEJYS
Language of cataloging spa
Transcribing agency AR-UNSa-BCEJYS
080 ## - UNIVERSAL DECIMAL CLASSIFICATION NUMBER
Universal Decimal Classification number 35
Common auxiliary subdivision Administración Pública
020 ## - INTERNATIONAL STANDARD BOOK NUMBER
International Standard Book Number 84-205-3105-7
041 ## - LANGUAGE CODE
Language code of text/sound track or separate title spa
100 1# - MAIN ENTRY--PERSONAL NAME
Personal name Olias de Lima Gete, Blanca
245 10 - TITLE STATEMENT
Title La nueva gestión pública
264 #1 - PRODUCTION, PUBLICATION, DISTRIBUTION, MANUFACTURE, AND COPYRIGHT NOTICE
Place of production, publication, distribution, manufacture Madrid :
Name of producer, publisher, distributor, manufacturer Prentice Hall
Date of production, publication, distribution, manufacture, or copyright notice 2001
300 ## - PHYSICAL DESCRIPTION
Extent xiv, 401 p.
Dimensions 24 cm.
505 ## - FORMATTED CONTENTS NOTE
Formatted contents note 1. La evolución de la gestión pública: la nueva gestión pública - 2. Gobernabilidad y gestión pública - 3. La reforma del sector público. Las privatizaciones: el estado de la cuestión y su aplicación al caso español - 4. La gestión de los recursos humanos - 5. El liderazgo y la gestión directiva en las organizaciones públicas: el estado de la cuestión - 6. Gestión y presupuestos - 7. El control de gestión en las organizaciones públicas; 8. La cultura organizativa y la ética pública - 9. Información y comunicación - 10. La posición del ciudadano: la noción del cliente - 11. La gestión intergubernamental: las relaciones intergubernamentales en España - 12. Gestión pública y gestión intergubernamental en la Unión Europea - 13. Los provesos de innovación y cambio en la gestión pública de los países de la OCDE
590 ## - LOCAL NOTE (RLIN)
Local note niveau_biblio:m niveau_hierar:0
856 41 - ELECTRONIC LOCATION AND ACCESS
Uniform Resource Identifier <a href="https://biblioeco.unsa.edu.ar/pmb/images/libros/L86727.jpg">https://biblioeco.unsa.edu.ar/pmb/images/libros/L86727.jpg</a>
Link text Imagen de portada
Electronic format type image/jpeg
942 ## - ADDED ENTRY ELEMENTS (KOHA)
Koha item type
Existencias
Withdrawn status Lost status Damaged status Not for loan Home library Current library Shelving location Date acquired Total checkouts Full call number Barcode Date last seen Price effective from Koha item type
        Biblioteca Prof. Eusebio Cleto del Rey Biblioteca Prof. Eusebio Cleto del Rey   07/04/2026   35 O46 L86727 07/04/2026 07/04/2026 Libro